| 000 | 01237nam a2200325 c 4500 | ||
|---|---|---|---|
| 003 | BLK | ||
| 005 | 20180422104307.0 | ||
| 008 | 180408b bul|||||r ||||||| ||bul|| | ||
| 010 | _aKNG00090808000 | ||
| 020 |
_a978-954-9535-18-1 _bиздат.: Вакон |
||
| 040 | _aBLK | ||
| 041 |
_aBUL _cBUL |
||
| 080 |
_aНемска литература _b821.112.2 _x-31 _z821.112.2-31 |
||
| 100 | 1 |
_aМинте-Кьоних, Бианка _eпърви автор _996468 |
|
| 700 | 1 |
_aДрагостинова, Жанина _eпрев. от нем. _9368149 |
|
| 139 |
_aМинте-Кьоних, Бианка _bМ 66 |
||
| 245 | 1 | 0 |
_aМъглата на забравата _bРоман _cБианка Минте-Кьоних; прев. от нем. Жанина Драгостинова. |
| 257 | _aDEU | ||
| 260 |
_аСофия _bВакон _c2009 |
||
| 300 |
_a208 с. _c20 см |
||
| 380 | _aX | ||
| 490 | 1 | _aПоредица Любов и тайна | |
| 500 | _aОриг. загл. Nebel des Vergessens / Bianka Minte-Konig. - Офс. изд. | ||
| 653 | _aромани | ||
| 852 | _aЦб 244910 | ||
| 856 | 4 |
_qpdf _u |
|
| 856 | 4 |
_qpdf _u |
|
| 942 |
_cKNG _n0 |
||
| 944 |
_aCR _c12.08.2009 _lф / _kВиолета_Тройчева |
||
| 944 |
_aED _c07.06.2012 _lф / _k |
||
| 999 |
_c86188 _d86188 |
||